Guess the nick show Quiz Stats

Quiz not verified by Sporcle

Challenge
Share
Tweet
Embed
Score 0/10 Timer 08:00
0 Plays Today
Description Show? % Correct
The show with the talking babiesRugrats
92.4%
A sponge and his starfish friendSponge Bob
90.8%
Amanda Please!The Amanda show
77.1%
Move it football head!!!!Hey Arnold
73.3%
A bunch of little skaters/surfersRocket Power
64.9%
Comedy sketch show and the theme song was by TLCAll That
48.1%
Aw, Here it goes theme songKenan & Kel
31.3%
Asthma chihuahua and the fat stupid catRen & Stimpy
30.5%
The player, the fat kid, and the really mean sisterDrake and Josh
22.1%
Game show where you got slimedSlime Time
18.3%

You're not logged in!

Compare scores with friends on all Sporcle quizzes.
Sign Up with Email
OR
Log In

You Might Also Like...

Show Comments

Extras

Top Quizzes Today


Score Distribution

Your Account Isn't Verified!

In order to create a playlist on Sporcle, you need to verify the email address you used during registration. Go to your Sporcle Settings to finish the process.

Report this User

Report this user for behavior that violates our Community Guidelines.

Details: